000 00330pab a2200145 454500
008 180718b1983 xxu||||| |||| 00| 0 eng d
100 _aJennings, R.
245 _aThe problem with building land
260 _c1983
300 _a257-83
650 _aLand Use
700 _aB. Grist
773 _aAdministration
909 _a12166
999 _c12166
_d12166